Civilisation en dialogues

Le livre se compose de 26 lecons qui peuvent être utilisées de manière indépendante. Chacune des lecons s'organise de la manière suivante: un dialogue, centré sur un thème précis qui éveille la curiosité et suscite des interrogations; deux pages d'Informations qui éclairent les...

पूर्ण विवरण

में बचाया:
ग्रंथसूची विवरण
मुख्य लेखक: Grand-Clément, Odile
स्वरूप: पुस्तक
भाषा:Undetermined
प्रकाशित: Paris CLE International 2007
विषय:
टैग : टैग जोड़ें
कोई टैग नहीं, इस रिकॉर्ड को टैग करने वाले पहले व्यक्ति बनें!
Thư viện lưu trữ: Trung tâm Học liệu Trường Đại học Cần Thơ
LEADER 01135nam a2200229Ia 4500
001 CTU_212791
008 210402s9999 xx 000 0 und d
082 |a 448.24 
082 |b G751 
100 |a Grand-Clément, Odile 
245 0 |a Civilisation en dialogues 
245 0 |c Odile Grand-Clément 
260 |a Paris 
260 |b CLE International 
260 |c 2007 
520 |a Le livre se compose de 26 lecons qui peuvent être utilisées de manière indépendante. Chacune des lecons s'organise de la manière suivante: un dialogue, centré sur un thème précis qui éveille la curiosité et suscite des interrogations; deux pages d'Informations qui éclairent les différents points du thème traité en fournissant des repères socioloques; une page d'activités qui permet à l'apprenant de s'impliquer activement dans son travail de mémorisation et de réutilisation des informations. 
650 |a French language 
650 |x Study and teaching 
904 |i Giang 
910 |a Sách kèm CD số: AVA.000693 
915 |a 400 
980 |a Trung tâm Học liệu Trường Đại học Cần Thơ